|
|
|
|
| LEADER |
01027cam a2200265 u 4500 |
| 001 |
10118650 |
| 003 |
upatras |
| 005 |
20210117205702.0 |
| 008 |
160108s1984 us eng |
| 020 |
|
|
|a 0070664684
|
| 040 |
|
|
|a GR-PaULI
|c GR-PaULI
|
| 041 |
1 |
|
|a eng
|
| 082 |
0 |
4 |
|a 621.380 43
|
| 100 |
1 |
|
|9 113652
|a Παπούλης, Αθανάσιος,
|d 1921-2002
|4 aut
|
| 245 |
1 |
0 |
|a Signal analysis
|c Athanasios Papoulis
|
| 250 |
|
|
|a International ed.
|
| 260 |
|
|
|a New York
|b McGraw-Hill
|c 1984
|
| 300 |
|
|
|a ix, 431 σ.
|b σχήμ.
|c 21 εκ.
|
| 500 |
|
|
|a Περιέχει ευρετήριο
|
| 650 |
|
4 |
|a Επεξεργασία εικόνας
|9 1035
|
| 852 |
|
|
|a GR-PaULI
|b ΠΑΤΡΑ
|b ΒΚΠ
|b ΒΣ1
|k ΑΣΧΞ
|h 621.380 43 ΠΑΠ
|m 123106
|p 025000241768
|t 1
|
| 942 |
|
|
|2 ddc
|c BK15
|
| 952 |
|
|
|0 0
|1 0
|4 0
|6 621_380000000000000_43_ΠΑΠ
|7 0
|9 187471
|a LISP
|b LISP
|c BSC
|d 2016-04-24
|i 123106
|l 1
|m 1
|o 621.380 43 ΠΑΠ
|p 025000241768
|r 2018-09-10 00:00:00
|s 2018-07-23
|t 1
|w 2016-04-24
|y BK15
|
| 998 |
|
|
|c ΜΠΟΥΡΑΣ
|d 2011-08
|
| 999 |
|
|
|c 115618
|d 115618
|